LEADER 02721nam a2200325 i 4500 001 000000366291 003 CaOOAMICUS 005 20260206115400.0 008 260206s2026 it a u000 u ita u 020 $a978-88-6898-092-4 040 $aSeMil$bita 100 1 $aLuther, Martin$b<1483-1545>.$0(OLS)http://semarc/name/305 245 13$aLa guerra dei contadini :$bgli scritti sullo "spirito di ribellione" e sulla rivolta (1522-1526) ; appendice "Dodici articoli dei contadini svevi" (1525) /$cMartin Lutero ; introduzione, traduzione e note a cura di Paolo Ricca. 264 1$aTorino :$bClaudiana,$c2026. 300 $a548 p. :$bill. ;$c21 cm 490 1 $aLutero: Opere scelte ;$v20 500 $aTesto tedesco a fronte 501 $aDodici articoli dei contadini svevi (1525) 520 0 $aIn questi otto scritti, composti tra il 1522 e il 1526, Martin Lutero affronta il tema esplosivo della rivolta: prima contro l?autorità religiosa, poi contro principi e signori nella grande Guerra dei contadini tedesca, tra i primi grandi conflitti sociali dell?Europa moderna. Paolo Ricca guida lettrici e lettori dentro questo tornante della storia: tra esortazioni alla pace, inviti ai principi a reprimere la ribellione e pagine durissime contro le «bande rapaci e assassine» emerge il travaglio del Riformatore, diviso tra la solidarietà per le richieste di giustizia dei contadini e la condanna della rivolta armata. Testi introduttivi, note puntuali e l?inclusione dei Dodici articoli dei contadini svevi offrono un quadro vivo e accessibile, fanno ascoltare la voce «dal basso» e mostrano l?intreccio tra fede, potere e movimenti popolari alle origini dell?Europa moderna. Impreziosiscono il volume 45 illustrazioni dell?epoca ? in gran parte incisioni su legno ? che in quel tempo rappresentavano un ausiliopergli analfabeti per comprendere, almeno parzialmente, le ragioni del conflitto. (Sito Editore) 650 4$aRiforma - Storia - 1522-1526.$0(OLS)http://semarc/subject/59505 700 1 $aRicca, Paolo,$d<1936-2024>.$0(OLS)http://semarc/name/306 830 0$aLutero: Opere scelte ;$v20.$0(OLS)http://semarc/title/565 850 $aSeMil 852 $aSeMil$W1$xVenegono$y1$m2BA F 33$j267054$B257055$CSeMilBibl$Z2$F257055 $81 900 1 $aMartin Lutero. 996 $6020$a978-88-6898-092-4$9(OLS)http://semarc/number/305250 996 $6245$aLa guerra dei contadini :$bgli scritti sullo "spirito di ribellione" e sulla rivolta (1522-1526) ; appendice "Dodici articoli dei contadini svevi" (1525)$9(OLS)http://semarc/title/458055 996 $6264$aTorino :$bClaudiana$9(OLS)http://semarc/publisher/29837